Best Soccer players of all time - Statistics

General Stats
  • This quiz has been taken 428 times
  • The average score is 7 of 10
Answer Stats
Hint Answer % Correct
3 Cristiano Ronaldo
99%
1 Lionel Messi
99%
9 Ronaldo
97%
4 Pele
95%
2 Diego Maradona
85%
5 Zinedine Zidane
68%
6 Johan Cruyff
61%
8 Alfredo Di Stefano
31%
10 Andres Iniesta
29%
7 Franz Beckenbauer
11%
No matching quizzes found
Score Distribution
Percent of People with Each Score
Percentile by Number Answered
Your Score History
You have not taken this quiz